000
00226nam a22001097a 4500
041
_a
eng
080
_a
80
100
_a
Nolasco, R.
245
_a
New Streetwise Intermediate T. B.
650
_a
English Practice
999
_c
280364
_d
280364
942
_c
BK